000 00802nam a2200253Ia 4500
003 OSt
005 20220916110919.0
006 a|||||r|||| 00| 0
007 ta
008 220915b |||||||| |||| 00| 0 hin d
020 _a9788190435482 (hbk)
024 _a253912
037 _cTextbook
040 _bhin
_aARTS
_cARTS
041 _ahin
082 _aO152,1N43:g, P8
100 _aभूपिन्द्र कौर
245 0 _aदर्पण मन का: संवेदना और शिल्प
246 _aSāhityadarpaṇah
260 _aपलवल
_bउर्मिका बुक्स भारत
_c2008
300 _a103पृ0
_ccm.
942 _hO152,1N43:g, P8
_cTB
_2CC
999 _c101234
_d101234